000 01123nam0a22002771 4500
001 rc\1172332
005 20041129085419.0
035 _a(NLR Aleph) 006415225
090 _a5389384
_c5389384
100 _a20041129d1980 u |0rusy50 ca
101 0 _arus
102 _aRU
105 _ay |||||||||
200 1 _aЭффективность применения цинковых удобрений под кукурузу в условиях Молдавии
_fТ.С. Бостан, Д.И. Карастан
210 _aКишинев
_cМолдНИИНТИ
_d1980
215 _a12 с.
_d20
225 1 _aЭкспресс-информация
_fМолд. НИИ НТИ и техн.-экон. исслед. Госплана МССР
300 _aБез тит. л. и обл.
320 _aБиблиогр.: с. 11-12
701 1 _aБостан
_bТ. С.
712 0 2 _aМолдавский НИИ науч.-техн. информации и техн.-экон. исследований
_cКишинев
801 0 _aRU
_bNLR
_gpsbo
801 1 _aRU
_bELAR
_2rusmarc
852 _aNLR
_j80-4/19788
942 _cBOOK
980 _aNB